[Event "8th RTU Open 2018"]
[Site "Riga"]
[Date "2018.08.12"]
[Round "9"]
[White "Haria, Ravi"]
[Black "Solozhenkina, Elizaveta"]
[Result "1/2-1/2"]
[WhiteElo "2449"]
[BlackElo "2294"]
[Annotator "TA"]
[PlyCount "113"]
[EventDate "2018.08.06"]
[EventType "swiss"]
[EventCountry "LAT"]
[SourceTitle "playchess.com"]
[Source "ChessBase"]
[SourceQuality "1"]

{[%evp 22,113,68,84,142,92,86,99,95,102,112,113,112,109,92,104,116,100,86,79,160,103,80,79,103,79,100,102,95,90,92,92,103,99,91,108,87,47,44,47,88,72,60,59,106,110,103,109,109,96,97,96,136,124,130,116,152,152,247,247,291,147,466,150,126,122,130,102,90,27,128,128,135,141,164,109,107,124,120,133,108,63,62,62,112,51,56,54,145,180,192,131,174,139]} 1. Nf3 Nf6 2. g3 g6 3. Bg2 Bg7 4. O-O O-O 5. d4 {[%cal Bd2d4,Bd4d5][%mdl 32]} d5 6. c4 Nc6 7. cxd5 Nxd5 8. e4 Nb6 9. d5 Na5 10. Qe1 Nac4 11. Nc3 c6 {D74: Fianchetto Grünfeld: Main Line (5 Nf3 0-0 6 cxd5 Nxd5 7 0-0)} (11... e6 12. b3 Qf6 13. bxc4 Qxc3 14. Qxc3 Bxc3 15. Rb1 exd5 16. cxd5 Re8 17. Bd2 Bg7 18. Rfe1 Bd7 19. Bf4 c6 {½-½ (32) Tkachiev,V (2660)-Cornette,M (2579) Drancy 2016}) 12. b3 {LiveBook: 18 Games} Na5 (12... Nd6 $142) 13. Be3 cxd5 $146 {White is better.} ({Predecessor:} 13... Bg4 14. Rd1 Nd7 15. h3 Bxf3 16. Bxf3 c5 17. Bg2 b6 18. f4 Nb7 19. e5 {1-0 (43) Franciskovic,B (2272)-Berke,A (2153) Topusko 2012}) 14. Rd1 {[%cal Rc3d5]} e6 15. Nxd5 $1 Nxd5 16. exd5 exd5 {[#]} 17. Bc5 $1 Nc6 18. Bxf8 Bxf8 19. Qd2 Be6 20. Ng5 {[%cal Rg2d5]} Bb4 (20... Qf6 $142) 21. Nxe6 (21. Qf4 $142) 21... fxe6 $16 22. Qe2 Qe7 23. Rd3 Re8 24. f4 Bc5+ 25. Kh1 Nd4 26. Qd1 {Black must now prevent b4.} Nf5 27. Re1 {Rxe6! is the strong threat.} d4 28. Qf3 b6 29. Qb7 Qxb7 30. Bxb7 Ne3 31. Re2 {Hoping for b4!} a5 32. a3 {Strongly threatening b4!} Kf7 {[#]} 33. b4 $1 {[%cal Rb4c5][%mdl 512]} axb4 34. axb4 Bxb4 35. Rxd4 Bc5 36. Rd3 Nc4 37. Kg2 Re7 38. Bc6 Kf6 39. g4 Rc7 (39... h6 $16 40. Rh3 Kg7) 40. Bd7 $18 e5 41. Bb5 ({White should try} 41. fxe5+ $18 Kg7 42. Ba4) 41... Bd4 $2 {[%mdl 8192]} (41... e4 $16 {is a better chance.} 42. g5+ (42. Bxc4 exd3 43. Bxd3 Rd7 $11) (42. Rxe4 Nd6 $11) 42... Kg7 43. Rd7+ (43. Bxc4 exd3 44. Bxd3 Rd7 $11) (43. Rxe4 Nd6 $11) 43... Rxd7 44. Bxd7 Ne3+ 45. Kh3 Nd1) 42. Rf3 $2 (42. fxe5+ $18 {is more deadly.} Bxe5 43. Rf3+ Kg5 44. Re4) 42... Ke6 $16 43. g5 Kd5 44. Bxc4+ Rxc4 {[%mdl 4096] Endgame KRR-KRB} 45. Rh3 (45. fxe5 $16 {Threatens to win with e6.} Bxe5 46. h3) 45... Rc7 (45... exf4 $11 46. Rxh7 b5) 46. fxe5 Bxe5 47. Rd3+ Bd4 {[#]} 48. Red2 (48. Rd1 $1 $18) 48... Rc4 49. Rh3 b5 50. Rxh7 b4 51. Rd7+ Ke4 52. Rb7 Ke3 53. Ra2 ({White should play} 53. Rf2 $16) 53... Bc3 54. h3 {[%cal Bh2h3,Bh3h4][%mdl 32]} Rc5 (54... Rf4 $1 $14) 55. h4 {White is clearly better.} Rc6 56. Rf2 (56. Kh3 $18) 56... Kd3 57. Rf8 {Precision: White = 51%, Black = 34%.} 1/2-1/2

[Event "8th RTU Open 2018"]
[Site "Riga"]
[Date "2018.08.12"]
[Round "9"]
[White "Merry, Alan B"]
[Black "Gurvich, Vitaly"]
[Result "1-0"]
[WhiteElo "2445"]
[BlackElo "2272"]
[Annotator "NA RC"]
[PlyCount "137"]
[EventDate "2018.08.06"]
[EventType "swiss"]
[EventCountry "LAT"]
[SourceTitle "playchess.com"]
[Source "ChessBase"]
[SourceQuality "1"]
[TimeControl "5400+30"]

1. e4 {[%emt 0:00:00]} c6 {[%emt 0:00:00]} 2. d4 {[%emt 0:00:00]} d5 {[%emt 0:00:00]} 3. e5 {[%emt 0:00:00]} Bf5 {[%emt 0:00:00]} 4. Nc3 {[%emt 0:00:00]} e6 {[%emt 0:00:00]} 5. g4 {[%emt 0:00:00]} Bg6 {[%emt 0:00:02]} 6. Nge2 {[%emt 0:00:00]} c5 {[%emt 0:01:38]} 7. Be3 {[%emt 0:00:00]} Nc6 {[%emt 0:01:02]} 8. dxc5 {[%emt 0:00:03]} Nxe5 {[%emt 0:03:02]} 9. Nd4 {[%emt 0:00:11]} Bxc5 {[%emt 0:16:38]} 10. Bb5+ {[%emt 0:00:25]} Nd7 {[%emt 0:02:41]} 11. Nxe6 {[%emt 0:00:08]} fxe6 {[%emt 0:00:35]} 12. Bxc5 {[%emt 0:00:02]} a6 {[%emt 0:03:13]} 13. Bxd7+ {[%emt 0:00:16]} Qxd7 {[%emt 0:00:01]} 14. Qe2 {[%emt 0:14:28]} Nf6 {[%emt 0:01:43]} 15. O-O-O {[%emt 0:01:54]} Rc8 {[%emt 0:00:30]} 16. Bd4 {[%emt 0:02:15]} O-O {[%emt 0:08:02]} 17. h4 {[%emt 0:06:33]} h5 {[%emt 0:06:23]} 18. Rdg1 {[%emt 0:34:35]} b5 {[%emt 0:16:24]} 19. gxh5 {[%emt 0:07:55]} Bxh5 {[%emt 0:01:51]} 20. Qe5 {[%emt 0:03:22]} b4 {[%emt 0:01:54]} 21. Qg5 {[%emt 0:06:42]} Qf7 {[%emt 0:12:37]} 22. Na4 {[%emt 0:07:40]} Bf3 {[%emt 0:04:10]} 23. Rh3 {[%emt 0:00:42]} Rc4 {[%emt 0:02:34]} 24. Rxf3 {[%emt 0:00:50]} Rxd4 {[%emt 0:00:06]} 25. Nc5 {[%emt 0:00:08]} Re4 {[%emt 0:05:43]} 26. Nxe4 {[%emt 0:00:26]} dxe4 {[%emt 0:00:03]} 27. Re3 {[%emt 0:02:11]} Rc8 {[%emt 0:07:14]} 28. Qa5 {[%emt 0:02:56]} Nd5 {[%emt 0:01:19]} 29. Reg3 {[%emt 0:03:54]} Qxf2 {[%emt 0:01:46]} 30. Rxg7+ {[%emt 0:00:03]} Kh8 {[%emt 0:01:59]} 31. Qa4 {[%emt 0:01:34]} Rf8 {[%emt 0:01:45]} 32. Qxa6 {[%emt 0:03:11]} Ne3 {[%emt 0:00:33]} 33. Kb1 {[%emt 0:01:53]} Qxc2+ {[%emt 0:00:25]} 34. Ka1 {[%emt 0:00:01]} Qf2 {[%emt 0:00:35]} 35. Qb5 {[%emt 0:01:09]} Qf5 {[%emt 0:00:23]} 36. R7g5 {[%emt 0:01:38]} Qxb5 {[%emt 0:00:37]} 37. Rxb5 {[%emt 0:00:02]} Rf5 {[%emt 0:00:19]} 38. Rb6 {[%emt 0:00:25]} Rf6 {[%emt 0:00:39]} 39. a4 {[%emt 0:01:01]} bxa3 {[%emt 0:00:16]} 40. bxa3 {[%emt 0:00:02]} Nd5 {[%emt 0:00:09]} 41. Rb8+ {[%emt 0:00:54]} Kh7 {[%emt 0:00:01]} 42. Kb2 {[%emt 0:00:45]} e3 {[%emt 0:00:13]} 43. a4 {[%emt 0:00:42]} Rf2+ {[%emt 0:00:16]} 44. Kb3 {[%emt 0:00:05]} e2 {[%emt 0:00:35]} 45. Re1 {[%emt 0:00:52]} Ne3 {[%emt 0:01:40]} 46. Re8 {[%emt 0:00:26]} Ng2 {[%emt 0:00:42]} 47. Re7+ {[%emt 0:00:10]} Kh8 {[%emt 0:00:34]} 48. Rc1 {[%emt 0:00:32]} Rf3+ {[%emt 0:00:35]} 49. Kb2 {[%emt 0:00:45]} Rf8 {[%emt 0:00:29]} 50. Rxe6 {[%emt 0:00:01]} Rf2 {[%emt 0:00:32]} 51. Kb3 {[%emt 0:00:27]} Kg7 {[%emt 0:00:30]} 52. Rc7+ {[%emt 0:00:51]} Kf8 {[%emt 0:00:16]} 53. Rce7 {[%emt 0:00:33]} Nf4 {[%emt 0:00:39]} 54. Re4 {[%emt 0:00:40]} Rf3+ {[%emt 0:00:34]} 55. Kc4 {[%emt 0:00:20]} Ra3 {[%emt 0:00:31]} 56. Kb5 {[%emt 0:00:35]} Rb3+ {[%emt 0:00:31]} 57. Ka6 {[%emt 0:00:24]} Nd5 {[%emt 0:00:29]} 58. R7e5 {[%emt 0:00:40]} Nb4+ {[%emt 0:00:23]} 59. Kb5 {[%emt 0:00:35]} Nd3+ {[%emt 0:00:38]} 60. Kc4 {[%emt 0:00:08]} Nxe5+ {[%emt 0:00:29]} 61. Kxb3 {[%emt 0:00:35]} Nf3 {[%emt 0:00:16]} 62. Rxe2 {[%emt 0:00:10]} Nd4+ {[%emt 0:00:01]} 63. Kc4 Nxe2 {[%emt 0:00:11]} 64. a5 {[%emt 0:00:03]} Nf4 {[%emt 0:00:58]} 65. a6 {[%emt 0:00:01]} Ne6 {[%emt 0:00:04]} 66. a7 {[%emt 0:00:03]} Nc7 {[%emt 0:00:03]} 67. Kc5 {[%emt 0:00:07]} Ke7 {[%emt 0:00:28]} 68. Kc6 {[%emt 0:00:04]} Kd8 {[%emt 0:00:09]} 69. h5 {[%emt 0:00:08]} 1-0

[Event "8th RTU Open 2018"]
[Site "Riga"]
[Date "2018.08.12"]
[Round "9"]
[White "Kjartansson, Gudmundur"]
[Black "Smirin, Ilia"]
[Result "1/2-1/2"]
[WhiteElo "2434"]
[BlackElo "2602"]
[Annotator "TA"]
[PlyCount "86"]
[EventDate "2018.08.06"]
[EventType "swiss"]
[EventCountry "LAT"]
[SourceTitle "playchess.com"]
[Source "ChessBase"]
[SourceQuality "1"]

{[%evp 23,86,0,0,0,0,-15,-18,-4,-21,-7,-12,-19,-24,-32,-10,-28,0,-24,-39,-30,30,0,52,-22,-21,-20,-32,-35,-19,-68,-68,-68,-68,-68,-66,-73,-64,-80,-56,-65,-54,-104,-87,-73,0,0,1,0,3,-35,-39,-38,0,0,0,0,0,0,0,0,0,0,0,0,0]} 1. d4 Nf6 2. c4 c5 3. d5 e6 4. Nc3 exd5 5. cxd5 g6 6. e4 d6 7. f4 Bg7 8. Bb5+ Nfd7 9. Nf3 a6 10. Bd3 b5 11. a3 O-O 12. O-O Re8 {LiveBook: 23 Games. A67: Modern Benoni: Taimanov Variation} (12... c4 13. Bc2 Nc5 14. f5 Nbd7 15. Bg5 Bf6 16. h4 Re8 17. Qd2 Bxg5 18. hxg5 Ne5 19. Nxe5 Rxe5 20. Qf4 {0-1 (63) Gareyev,T (2619)-Zherebukh,Y (2600) Greensboro 2016}) 13. Re1 Nb6 14. Bd2 Bg4 15. h3 $146 ({Predecessor:} 15. Rc1 N8d7 16. h3 Bxf3 17. Qxf3 Rc8 18. Ne2 Bxb2 19. Rb1 Bg7 20. Ba5 {0-1 (27) Chamberlain,E (871)-Murphy,J (1338) LSS email 2013}) 15... Bxf3 16. Qxf3 N8d7 17. Re2 Rb8 18. Rae1 b4 19. axb4 cxb4 20. Nd1 Na4 21. Be3 Ndc5 (21... a5 $142) 22. Bb1 b3 (22... Rc8 $11) 23. e5 (23. Bf2 $14) 23... dxe5 $11 {[#] Threatens to win with ...e4.} 24. Bxc5 Nxc5 25. fxe5 Qg5 {[%cal Re8e5]} 26. e6 fxe6 27. dxe6 Rf8 28. Qc6 {Threatening e7.} Rbc8 29. Qb6 $1 Qe7 30. Qb4 Rcd8 31. Nc3 Rd4 32. Qa3 Rfd8 33. Kh1 {Black should prevent Ne4.} Rd2 ({Better is} 33... Bf6 $17) 34. Rxd2 Rxd2 35. Ne4 Qh4 36. Qxc5 {[#] Hoping for Rf1.} Qxe1+ 37. Kh2 {Qc8+ is the strong threat.} Rd1 38. Qc8+ {The position is equal.} Bf8 {And now ...Qg1+ would win.} 39. e7 {[%csl Gc8][%cal Re7f8]} Qg1+ 40. Kg3 {[%csl Gc8][%cal Re7f8]} Qe3+ 41. Kh2 {[%csl Gc8][%cal Re7f8]} Qg1+ 42. Kg3 {[%csl Gc8][%cal Re7f8]} Qe3+ 43. Kh2 {[%csl Gc8][%cal Re7f8]} Qg1+ {Precision: White = 52%, Black = 65%.} 1/2-1/2

[Event "8th RTU Open 2018"]
[Site "Riga"]
[Date "2018.08.12"]
[Round "9"]
[White "Samolins, Vitalijs"]
[Black "Bluebaum, Matthias"]
[Result "1/2-1/2"]
[WhiteElo "2419"]
[BlackElo "2637"]
[Annotator "TA"]
[PlyCount "70"]
[EventDate "2018.08.06"]
[EventType "swiss"]
[EventCountry "LAT"]
[SourceTitle "playchess.com"]
[Source "ChessBase"]
[SourceQuality "1"]

{[%evp 15,70,16,28,9,16,0,6,-28,-19,-22,-29,-32,-13,-12,0,-50,-50,-55,-37,-52,-52,-94,-12,-30,0,0,0,0,0,0,0,0,0,0,0,0,0,0,0,0,0,0,0,0,0,0,0,0,0,0,0,0,0,0,0,0,0]} 1. e4 c6 2. d4 d5 3. Nc3 dxe4 4. Nxe4 Bf5 5. Ng3 Bg6 6. Nh3 Nf6 7. Nf4 Nbd7 {B18: Classical Caro-Kann: 4...Bf5 sidelines} 8. Bc4 Qc7 {LiveBook: 21 Games} 9. Nxg6 (9. O-O e6 10. c3 Bd6 11. Qf3 c5 12. dxc5 Bxc5 13. Bb3 O-O-O 14. Nxg6 hxg6 15. Bf4 e5 16. Be3 e4 17. Qe2 Bxe3 18. Qxe3 Rxh2 19. Rfd1 Rdh8 20. Qxa7 e3 21. Qxe3 Ng4 {0-1 (21) Zherebukh,Y (2605)-Nakamura,H (2793) Saint Louis 2017 CBM 178 [Moradiabadi,E]}) 9... hxg6 10. Qf3 e6 11. Bf4 (11. O-O {looks sharper.} Bd6 12. Rd1 a6 13. c3 c5 14. b3) 11... Bd6 12. Bxd6 Qxd6 13. O-O-O Rh4 14. c3 O-O-O 15. Bd3 $146 ({Predecessor:} 15. h3 Nb6 {0-1 (38) Giuliano,A-Grigore,G (2440) Montecatini Terme 1994}) 15... Rf4 16. Qe2 Qd5 $1 17. f3 Qxa2 18. h4 Qa1+ ({Black should play} 18... Rh8 $17 19. h5 gxh5) 19. Kc2 $1 $11 Qa4+ 20. Kb1 {The position is equal.} Rh8 21. Qe1 Rfxh4 22. Rxh4 Rxh4 23. Bc2 Qb5 {...Qg5 is the strong threat.} 24. Nf5 $1 {[%cal Rf5d6]} gxf5 25. Qxh4 Nd5 {[#] aiming for ...Nxc3+.} 26. Qe1 N7b6 27. Bd3 Qb3 28. Bc2 Qb5 29. Bd3 Nc4 30. Bxc4 $1 Qxc4 {KQR-KQN} 31. Qe5 a5 32. Qxg7 Nxc3+ 33. bxc3 Qb3+ 34. Kc1 {[#] Strongly threatening Kd2.} Qxc3+ 35. Kb1 Qb3+ {Precision: White = 57%, Black = 67%.} 1/2-1/2

[Event "8th RTU Open 2018"]
[Site "Riga"]
[Date "2018.08.12"]
[Round "9"]
[White "Korchmar, Vasiliy"]
[Black "Maiorov, Nikita"]
[Result "1/2-1/2"]
[WhiteElo "2415"]
[BlackElo "2504"]
[Annotator "ChessBase"]
[PlyCount "53"]
[EventDate "2018.08.06"]
[EventType "swiss"]
[EventCountry "LAT"]
[SourceTitle "playchess.com"]
[Source "ChessBase"]
[SourceQuality "1"]
[TimeControl "5400+30"]

1. d4 {[%emt 0:00:00]} Nf6 {[%emt 0:00:11]} 2. c4 {[%emt 0:00:00]} e6 {[%emt 0:00:19]} 3. g3 {[%emt 0:00:59]} Bb4+ {[%emt 0:00:14]} 4. Nd2 {[%emt 0:00:34]} a5 {[%emt 0:03:09]} 5. Bg2 {[%emt 0:03:25]} O-O {[%emt 0:00:05]} 6. Ngf3 {[%emt 0:00:40]} b6 {[%emt 0:00:23]} 7. Ne5 {[%emt 0:02:43]} Ra7 {[%emt 0:00:22]} 8. O-O {[%emt 0:00:35]} Ba6 {[%emt 0:10:37]} 9. Ndf3 {[%emt 0:14:42]} Be7 {[%emt 0:02:15]} 10. Qc2 {[%emt 0:02:46]} d6 {[%emt 0:08:28]} 11. Nd3 {[%emt 0:03:37]} c5 {[%emt 0:00:34]} 12. b3 {[%emt 0:03:57]} Qc8 {[%emt 0:05:38]} 13. Qd1 {[%emt 0:16:32]} Nbd7 {[%emt 0:05:01]} 14. Bb2 {[%emt 0:01:41]} Bb7 {[%emt 0:00:20]} 15. Rc1 {[%emt 0:03:40]} Qa8 {[%emt 0:00:17]} 16. Nfe1 {[%emt 0:11:45]} Bxg2 {[%emt 0:06:49]} 17. Nxg2 {[%emt 0:00:04]} a4 {[%emt 0:00:10]} 18. b4 {[%emt 0:04:11]} cxb4 {[%emt 0:10:43]} 19. Nxb4 {[%emt 0:00:06]} d5 {[%emt 0:00:16]} 20. Ba3 {[%emt 0:02:10]} dxc4 {[%emt 0:09:56]} 21. Rxc4 {[%emt 0:00:04]} b5 {[%emt 0:00:51]} 22. Rc1 {[%emt 0:03:10]} Nb6 {[%emt 0:02:28]} 23. Ne3 {[%emt 0:01:01]} Nfd5 {[%emt 0:05:11]} 24. Nbxd5 {[%emt 0:08:43]} Nxd5 {[%emt 0:00:05]} 25. Bxe7 {[%emt 0:00:04]} Nxe3 {[%emt 0:00:11]} 26. fxe3 {[%emt 0:00:03]} Rxe7 {[%emt 0:00:04]} 27. Qd2 {[%emt 0:03:22]} 1/2-1/2

[Event "8th RTU Open 2018"]
[Site "Riga"]
[Date "2018.08.12"]
[Round "9"]
[White "Wenninger, Philipp"]
[Black "Mishuchkov, Nikolai Mikhailovic"]
[Result "1/2-1/2"]
[WhiteElo "2408"]
[BlackElo "2307"]
[Annotator "NA"]
[PlyCount "22"]
[EventDate "2018.08.06"]
[EventType "swiss"]
[EventCountry "LAT"]
[SourceTitle "playchess.com"]
[Source "ChessBase"]
[SourceQuality "1"]
[TimeControl "5400+30"]

1. d4 {[%emt 0:00:00]} d5 {[%emt 0:00:00]} 2. c4 {[%emt 0:00:00]} e6 {[%emt 0:00:00]} 3. Nf3 {[%emt 0:00:15]} Nf6 {[%emt 0:00:45]} 4. g3 {[%emt 0:00:06]} dxc4 {[%emt 0:00:20]} 5. Bg2 {[%emt 0:00:08]} Nc6 {[%emt 0:00:38]} 6. O-O {[%emt 0:02:21]} Rb8 {[%emt 0:00:12]} 7. a4 {[%emt 0:12:54]} a6 {[%emt 0:01:29]} 8. e3 {[%emt 0:18:00]} Be7 {[%emt 0:08:08]} 9. Na3 {[%emt 0:11:59]} b5 10. axb5 axb5 11. b3 Bxa3 1/2-1/2

[Event "8th RTU Open 2018"]
[Site "Riga"]
[Date "2018.08.12"]
[Round "9"]
[White "Seeman, Tarvo"]
[Black "Chukavin, Kirill"]
[Result "1-0"]
[WhiteElo "2405"]
[BlackElo "2291"]
[Annotator "NA"]
[PlyCount "93"]
[EventDate "2018.08.06"]
[EventType "swiss"]
[EventCountry "LAT"]
[SourceTitle "playchess.com"]
[Source "ChessBase"]
[SourceQuality "1"]
[TimeControl "5400+30"]

1. c4 {[%emt 0:00:00]} Nf6 {[%emt 0:03:06]} 2. Nc3 {[%emt 0:00:00]} c6 {[%emt 0:01:06]} 3. e4 {[%emt 0:00:51]} e5 {[%emt 0:00:26]} 4. Nf3 {[%emt 0:00:20]} Bb4 {[%emt 0:00:30]} 5. Nxe5 {[%emt 0:03:30]} O-O {[%emt 0:00:38]} 6. Be2 {[%emt 0:01:35]} Re8 {[%emt 0:00:59]} 7. Nd3 {[%emt 0:00:39]} Bxc3 {[%emt 0:02:57]} 8. dxc3 {[%emt 0:00:07]} Nxe4 {[%emt 0:10:38]} 9. O-O {[%emt 0:00:13]} d5 {[%emt 0:02:40]} 10. cxd5 {[%emt 0:07:39]} Qxd5 {[%emt 0:05:42]} 11. Be3 {[%emt 0:06:56]} Bf5 {[%emt 0:02:45]} 12. Qb3 {[%emt 0:07:38]} Qxb3 {[%emt 0:19:54]} 13. axb3 {[%emt 0:00:07]} Nd7 {[%emt 0:00:59]} 14. Rfe1 {[%emt 0:05:44]} a6 {[%emt 0:09:34]} 15. Bf1 {[%emt 0:04:42]} h6 {[%emt 0:02:57]} 16. f3 {[%emt 0:03:18]} Nef6 {[%emt 0:04:18]} 17. b4 {[%emt 0:10:19]} Nd5 {[%emt 0:02:28]} 18. Bd4 {[%emt 0:00:45]} Rad8 {[%emt 0:01:50]} 19. Rxe8+ {[%emt 0:03:47]} Rxe8 {[%emt 0:00:02]} 20. Kf2 {[%emt 0:00:17]} Bxd3 {[%emt 0:06:12]} 21. Bxd3 {[%emt 0:00:10]} Ne5 {[%emt 0:00:15]} 22. Bf1 {[%emt 0:00:58]} Nf4 {[%emt 0:01:58]} 23. Rd1 {[%emt 0:05:22]} Rd8 {[%emt 0:04:43]} 24. Rd2 {[%emt 0:02:14]} Ne6 {[%emt 0:02:30]} 25. Be3 {[%emt 0:02:14]} Rxd2+ {[%emt 0:00:17]} 26. Bxd2 {[%emt 0:00:06]} f5 {[%emt 0:01:19]} 27. c4 {[%emt 0:02:43]} Kf7 {[%emt 0:06:26]} 28. Bc3 {[%emt 0:00:28]} Nd7 {[%emt 0:00:19]} 29. Bd3 {[%emt 0:06:42]} g6 {[%emt 0:01:13]} 30. h4 {[%emt 0:01:28]} Nf6 {[%emt 0:01:35]} 31. b5 {[%emt 0:03:42]} axb5 {[%emt 0:01:29]} 32. cxb5 {[%emt 0:00:06]} Nd5 {[%emt 0:00:17]} 33. Bd2 {[%emt 0:06:15]} h5 {[%emt 0:01:41]} 34. Bc4 {[%emt 0:03:05]} Nec7 {[%emt 0:00:27]} 35. bxc6 {[%emt 0:01:15]} bxc6 {[%emt 0:00:04]} 36. Bb4 {[%emt 0:03:20]} Ke6 {[%emt 0:01:09]} 37. Bc5 {[%emt 0:01:36]} Ne8 {[%emt 0:00:41]} 38. Ke2 {[%emt 0:01:10]} Nef6 {[%emt 0:01:18]} 39. Kd3 {[%emt 0:01:31]} Ne8 {[%emt 0:01:20]} 40. Kd4 {[%emt 0:02:45]} Nec7 {[%emt 0:00:10]} 41. Ba3 {[%emt 0:00:22]} Nb5+ {[%emt 0:00:49]} 42. Kc5 {[%emt 0:00:16]} Nd6 {[%emt 0:00:36]} 43. Ba2 {[%emt 0:00:53]} Nf7 {[%emt 0:00:38]} 44. Kxc6 {[%emt 0:00:34]} Ne5+ {[%emt 0:00:20]} 45. Kc5 {[%emt 0:00:13]} Nd3+ {[%emt 0:00:28]} 46. Kd4 {[%emt 0:00:17]} N3f4 {[%emt 0:00:18]} 47. Bc4 {[%emt 0:00:33]} 1-0

[Event "8th RTU Open 2018"]
[Site "Riga"]
[Date "2018.08.12"]
[Round "9"]
[White "Miedema, David"]
[Black "Donchenko, Alexander"]
[Result "1/2-1/2"]
[WhiteElo "2397"]
[BlackElo "2612"]
[Annotator "TA"]
[PlyCount "150"]
[EventDate "2018.08.06"]
[EventType "swiss"]
[EventCountry "LAT"]
[SourceTitle "playchess.com"]
[Source "ChessBase"]
[SourceQuality "1"]

{[%evp 26,150,25,25,41,41,81,54,52,71,81,81,81,77,89,88,101,95,104,36,37,33,81,68,68,75,130,111,164,141,164,0,14,14,14,7,12,0,0,0,0,0,0,0,0,0,0,0,0,0,0,0,33,8,24,0,0,0,0,0,0,0,0,0,0,0,0,0,0,-21,-21,-21,-21,-21,-21,-21,-21,-21,-21,-21,-21,-22,-22,-22,-22,-22,-8,-18,0,0,0,0,0,0,0,-58,-58,-58,-56,-56,-56,-56,0,0,0,0,0,0,0,0,0,0,0,0,0,0,0,0,0,0,0,0,0,0,0,0,0]} 1. d4 {Atalik,S} Nf6 2. c4 e6 3. Nf3 d5 4. Nc3 Bb4 5. Bg5 h6 6. Bxf6 Qxf6 7. e3 O-O 8. Qb3 c5 9. cxd5 exd5 10. dxc5 {D38: Queen's Gambit Declined: Ragozin Defence (4 Nf3 Bb4)} Nc6 (10... Bxc3+ 11. Qxc3 Qxc3+ 12. bxc3 Nd7 13. Rd1 Nxc5 14. Rxd5 b6 15. Rd4 Ne6 16. Rd6 Bb7 17. Nd4 Nxd4 18. Rxd4 Rac8 19. Kd2 Rc5 20. Rg1 Rfc8 21. Bd3 Kf8 {1-0 (60) Li,C (2735)-Harikrishna,P (2737) Geneva 2017 CBM 180 [Krasenkow,M]}) 11. Bb5 d4 12. Bxc6 dxc3 13. Qxb4 cxb2 14. Rb1 {LiveBook: 24 Games} Qxc6 15. O-O Be6 $146 ({Predecessor:} 15... a5 16. Qa3 Bh3 17. Qxb2 Qg6 {1-0 (46) Atalik,S (2575)-Gaprindashvili,V (2446) Philadelphia 2000 CBM 078 [Atalik,S]}) 16. Nd4 Qe4 17. Qa3 Bd5 {[%csl Gd5][%cal Re4g2] [#]} 18. f3 Qe5 19. Rxb2 Rfe8 20. Rd1 f5 21. Rbd2 Bf7 22. Kf2 ({White should play} 22. Rd3 $16) 22... Rac8 $14 23. Rc1 f4 24. e4 Red8 25. Qc3 b6 (25... Rd7 $142) 26. Ne2 Qc7 (26... Qxc3 $16 {was worth a try.} 27. Rxd8+ Rxd8 28. Rxc3 (28. Nxc3 bxc5 29. Ne2 c4 $14) 28... bxc5) 27. c6 b5 28. Rd7 (28. Nd4 $18) 28... Qxd7 $1 $11 29. cxd7 Rxc3 30. Rxc3 Rxd7 {[%mdl 4096] Endgame KRB-KRN} 31. a3 g5 32. g3 Rd2 {Strongly threatening ...Bc4.} 33. Ke1 Ra2 34. gxf4 Bc4 35. Nc1 Rxh2 36. fxg5 hxg5 37. Nd3 a5 38. Ne5 Ba2 39. Rc8+ Kg7 40. Rc7+ Kf8 41. Nd3 Bc4 42. Ne5 Ba2 43. Rc5 b4 44. axb4 ({Reject} 44. Rxa5 b3 $15) 44... axb4 45. Rb5 b3 46. Nd3 Ke7 47. Rxg5 b2 {[#]} 48. Nxb2 $1 {[%mdl 512]} Rxb2 {KRB-KR} 49. Kf1 Kf6 50. Rg2 Bc4+ 51. Kg1 Rb3 (51... Rb1+ {is interesting.} 52. Kf2 Ke5 53. Rg6 Rb2+ 54. Kg3 Rb8) 52. Kf2 Ke5 53. Rg7 Rb1 54. Rh7 Rb2+ 55. Kg3 Kd4 56. Kf4 Kd3 57. Rd7+ Ke2 58. Rc7 Rb4 59. Rd7 Rb3 60. Rd4 (60. e5 $11) 60... Rxf3+ $15 61. Ke5 Bb3 62. Rb4 Kd2 63. Kd6 Kc3 ({Black should try} 63... Rd3+ $1 $15 64. Ke5 Kc3) 64. Rxb3+ $1 $11 {The position is equal.} Kxb3 {KR-KP} 65. e5 Rd3+ 66. Kc7 $1 Rc3+ 67. Kd6 Rd3+ 68. Kc7 Kc4 {( -> ...Kd5)} 69. e6 Kd5 70. e7 Rc3+ 71. Kd7 $1 Ra3 72. e8=Q {Hoping for Qe6+.} Ra7+ 73. Kd8 Ra8+ 74. Ke7 Rxe8+ 75. Kxe8 Ke5 {Precision: White = 69%, Black = 55%.} 1/2-1/2

[Event "8th RTU Open 2018"]
[Site "Riga"]
[Date "2018.08.12"]
[Round "9"]
[White "Rostgaard, Tobias Valentin"]
[Black "Kuznecovs, Nikita"]
[Result "0-1"]
[WhiteElo "2386"]
[BlackElo "2280"]
[Annotator "NA"]
[PlyCount "71"]
[EventDate "2018.08.06"]
[EventType "swiss"]
[EventCountry "LAT"]
[SourceTitle "playchess.com"]
[Source "ChessBase"]
[SourceQuality "1"]
[TimeControl "5400+30"]

1. e4 {[%emt 0:00:00]} e6 {[%emt 0:00:00]} 2. d4 {[%emt 0:00:00]} d5 {[%emt 0:00:00]} 3. Nd2 {[%emt 0:00:00]} Be7 {[%emt 0:00:00]} 4. e5 {[%emt 0:00:12]} c5 {[%emt 0:00:00]} 5. c3 {[%emt 0:00:07]} Nc6 {[%emt 0:00:00]} 6. Bd3 {[%emt 0:00:17]} Qb6 {[%emt 0:00:54]} 7. Ndf3 {[%emt 0:00:19]} cxd4 {[%emt 0:02:43]} 8. cxd4 {[%emt 0:00:07]} Bd7 {[%emt 0:02:17]} 9. Ne2 {[%emt 0:00:19]} Nh6 {[%emt 0:04:27]} 10. Bxh6 {[%emt 0:05:28]} gxh6 {[%emt 0:00:06]} 11. O-O {[%emt 0:00:29]} Qxb2 {[%emt 0:07:55]} 12. Rb1 {[%emt 0:00:43]} Qxa2 {[%emt 0:00:22]} 13. Rxb7 {[%emt 0:01:45]} Nb4 {[%emt 0:16:03]} 14. Nc3 {[%emt 0:09:51]} Qa5 {[%emt 0:01:48]} 15. Nb5 {[%emt 0:03:49]} Bc6 {[%emt 0:02:14]} 16. Nc7+ {[%emt 0:10:20]} Kd8 {[%emt 0:01:20]} 17. Rxb4 {[%emt 0:00:59]} Qxb4 {[%emt 0:02:19]} 18. Nxa8 {[%emt 0:00:11]} Bxa8 {[%emt 0:00:07]} 19. Qa1 {[%emt 0:01:30]} Qb6 {[%emt 0:11:35]} 20. Rb1 {[%emt 0:00:34]} Qc7 {[%emt 0:00:02]} 21. Qa6 {[%emt 0:11:43]} Bc6 {[%emt 0:04:53]} 22. Rc1 {[%emt 0:05:20]} Bb7 {[%emt 0:02:54]} 23. Rxc7 {[%emt 0:05:58]} Bxa6 {[%emt 0:00:24]} 24. Rxa7 {[%emt 0:00:07]} Bc8 {[%emt 0:06:50]} 25. Bb5 {[%emt 0:02:31]} Rg8 {[%emt 0:00:57]} 26. g3 {[%emt 0:00:29]} h5 {[%emt 0:01:05]} 27. h4 {[%emt 0:02:48]} h6 {[%emt 0:00:21]} 28. Kf1 {[%emt 0:01:45]} Rg4 {[%emt 0:01:29]} 29. Ke2 {[%emt 0:04:21]} f6 {[%emt 0:00:30]} 30. exf6 {[%emt 0:10:42]} Bxf6 {[%emt 0:00:07]} 31. Ke3 {[%emt 0:02:00]} Re4+ {[%emt 0:03:04]} 32. Kd3 {[%emt 0:00:09]} e5 {[%emt 0:00:06]} 33. Rf7 {[%emt 0:02:18]} Bf5 {[%emt 0:03:21]} 34. Kd2 {[%emt 0:00:40]} Bg4 {[%emt 0:01:15]} 35. Rxf6 {[%emt 0:00:18]} Ke7 {[%emt 0:00:06]} 36. dxe5 {[%emt 0:00:13]} 0-1